[Event "Niederrhein-ch"]
[Site "Solingen"]
[Date "2019.04.14"]
[Round "3.2"]
[White "Probst, Andreas"]
[Black "Steingrobe, Udo"]
[Result "1-0"]
[WhiteElo "2114"]
[BlackElo "1987"]
[PlyCount "69"]
[EventDate "2019.04.12"]
[EventType "swiss"]
[EventRounds "7"]
[EventCountry "GER"]
[SourceTitle "EXT 2022"]
[Source "ChessBase"]
[SourceDate "2021.10.06"]
[SourceVersion "1"]
[SourceVersionDate "2021.10.06"]
[SourceQuality "1"]

1. Nf3 d5 2. d4 Nf6 3. c4 e6 4. g3 b6 5. Bg2 Bb7 6. cxd5 exd5 7. 0-0 Be7 8. Nc3 0-0 9. Bg5 Nbd7 10. Rc1 c6 11. Qc2 h6 12. Bf4 Nh5 13. Ne5 Nxe5 14. Bxe5 f6 15. Bf4 Nxf4 16. gxf4 Bd6 17. e3 Qe8 18. Kh1 g5 19. Bf3 Kh8 20. Rg1 Rg8 21. Qf5 Qe7 22. Qh3 Rg7 23. Bg4 h5 24. Bf5 Qf7 25. Rg2 h4 26. Rcg1 Qh5 27. fxg5 fxg5 28. f4 Be7 29. Ne2 Rf8 30. fxg5 Bxg5 31. Nf4 Bxf4 32. Rxg7 Rxf5 33. exf4 Ba6 34. R7g4 Be2 35. Rxh4 1-0

[Event "Oberbayern Bezirksliga 1718"]
[Site "Germany"]
[Date "2018.03.18"]
[Round "8.8"]
[White "Hecker, Rafael"]
[Black "Probst, Andreas"]
[Result "1/2-1/2"]
[WhiteElo "1828"]
[BlackElo "1893"]
[PlyCount "47"]
[EventDate "2017.10.22"]
[EventType "team-tourn"]
[EventRounds "9"]
[EventCountry "GER"]
[SourceTitle "EXT 2019"]
[Source "ChessBase"]
[SourceDate "2018.10.10"]
[SourceVersion "1"]
[SourceVersionDate "2018.10.10"]
[SourceQuality "1"]
[WhiteTeam "Waldkraiburg"]
[BlackTeam "Fuerstenfeldbruck"]
[WhiteTeamCountry "GER"]
[BlackTeamCountry "GER"]

1. e4 d6 2. d4 Nf6 3. Bd3 e5 4. c3 Nc6 5. Nf3 g6 6. 0-0 Bg7 7. Bg5 0-0 8. d5 Ne7 9. h3 h6 10. Be3 Nh5 11. Qc1 Kh7 12. g4 Nf4 13. Bxf4 exf4 14. Qxf4 f5 15. gxf5 gxf5 16. exf5 Bxf5 17. Bxf5+ Nxf5 18. Qe4 Qf6 19. Nbd2 Rae8 20. Qd3 Kh8 21. Rae1 Rxe1 22. Nxe1 Qg5+ 23. Kh1 Ne7 24. Ng2 1/2-1/2

[Event "Niederrhein-ch"]
[Site "Kamp Lintfort"]
[Date "2017.04.15"]
[Round "7"]
[White "Probst, Andreas"]
[Black "Mohrholz, Stefan"]
[Result "1/2-1/2"]
[WhiteElo "2068"]
[BlackElo "1968"]
[PlyCount "118"]
[EventDate "2017.04.08"]
[EventType "swiss"]
[EventRounds "7"]
[EventCountry "GER"]
[SourceTitle "EXT 2022"]
[Source "ChessBase"]
[SourceDate "2021.10.06"]
[SourceVersion "1"]
[SourceVersionDate "2021.10.06"]
[SourceQuality "1"]

1. e4 c5 2. Nf3 Nc6 3. d3 d6 4. g3 g6 5. Bg2 Bg7 6. 0-0 Nf6 7. c3 0-0 8. Re1 e5 9. a4 Be6 10. Nbd2 h6 11. Nc4 Nxe4 12. Ncxe5 dxe5 13. dxe4 Qxd1 14. Rxd1 Rfd8 15. Be3 b6 16. Bf1 Na5 17. Rxd8+ Rxd8 18. Nd2 Rxd2 19. Bxd2 Nb3 20. Ra3 Nxd2 21. a5 Nxf1 22. axb6 axb6 23. Ra8+ Bf8 24. Kxf1 b5 25. Ke1 b4 26. Kd2 h5 27. Re8 bxc3+ 28. bxc3 Kg7 29. f3 c4 30. Ra8 Be7 31. Ke2 g5 32. Ra5 Bf6 33. Rc5 Kg6 34. Kf2 Be7 35. Ra5 Bd8 36. Ra6 Kg7 37. Kg2 Bf6 38. h3 Be7 39. g4 h4 40. Ra5 Kf6 41. Kf1 Bd8 42. Ra6 Ke7 43. Ke2 Kd7 44. Kd2 Bc7 45. Kc2 Kc8 46. Ra8+ Bb8 47. Ra4 Kc7 48. Ra8 Kb7 49. Ra4 Bc7 50. Ra1 Bb6 51. Ra2 Bd7 52. Ra1 Be3 53. Kd1 Bc6 54. Ke2 Bb6 55. Ra2 Kc7 56. Ra1 Kd6 57. Ra2 Kc5 58. Ra1 Kb5 59. Kd2 Kc5 1/2-1/2

[Event "Niederrhein-ch"]
[Site "Kamp Lintfort"]
[Date "2017.04.09"]
[Round "2"]
[White "Biessner, Eberhard"]
[Black "Probst, Andreas"]
[Result "0-1"]
[WhiteElo "1811"]
[BlackElo "2068"]
[PlyCount "78"]
[EventDate "2017.04.08"]
[EventType "swiss"]
[EventRounds "7"]
[EventCountry "GER"]
[SourceTitle "EXT 2022"]
[Source "ChessBase"]
[SourceDate "2021.10.06"]
[SourceVersion "1"]
[SourceVersionDate "2021.10.06"]
[SourceQuality "1"]

1. e3 Nf6 2. d4 g6 3. c4 Bg7 4. Nc3 0-0 5. Nf3 d6 6. Bd3 Nbd7 7. 0-0 e5 8. Qc2 Re8 9. b4 Qe7 10. dxe5 Nxe5 11. Nxe5 dxe5 12. Rb1 e4 13. Be2 c6 14. a3 Ng4 15. h3 Nh6 16. Bb2 Qh4 17. Nd1 Be5 18. Bxe5 Rxe5 19. f4 exf3 20. Rxf3 Bf5 21. Bd3 Rd8 22. Bxf5 Nxf5 23. Rc1 Rde8 24. Qf2 Qe7 25. Rc3 Nd6 26. Qc2 h5 27. c5 Nf5 28. Qd2 Rd8 29. Rd3 Rxd3 30. Qxd3 Rd5 31. Qc2 Qd7 32. Nf2 Rd2 33. Qe4 h4 34. Qf4 Re2 35. Ne4 Re1+ 36. Kf2 Qd1 37. Qb8+ Kh7 38. Nf6+ Kg7 39. Ne8+ Kh6 0-1

[Event "Basel op"]
[Site "Basel"]
[Date "2017.01.04"]
[Round "4"]
[White "Probst, Andreas"]
[Black "Yakimenko, Alexander A"]
[Result "1/2-1/2"]
[WhiteElo "2093"]
[BlackElo "2242"]
[PlyCount "105"]
[EventDate "2017.01.02"]
[EventType "swiss"]
[EventRounds "9"]
[EventCountry "SUI"]
[SourceTitle "CBM 176 Extra"]
[Source "ChessBase"]
[SourceDate "2017.03.02"]
[SourceVersion "1"]
[SourceVersionDate "2017.03.02"]
[SourceQuality "1"]

1. e4 e5 2. Nf3 d6 3. d4 Nf6 4. Nc3 Nbd7 5. Bc4 Be7 6. dxe5 dxe5 7. Bxf7+ Kxf7 8. Ng5+ Kg6 9. h4 h5 10. Qf3 Nc5 11. Qg3 Ng4 12. f3 Ne6 13. fxg4 Nxg5 14. Bxg5 Bxg5 15. Rd1 Bf4 16. gxh5+ Kxh5 17. Qf3+ Bg4 18. Rxd8 Raxd8 19. Qf2 Rhf8 20. 0-0 Bh2+ 21. Kxh2 Rxf2 22. Rxf2 Kxh4 23. Nd5 Rd7 24. Rf8 Be6 25. Ne3 Kg5 26. Kg3 Kg6 27. a3 Rd4 28. Kf3 Rd7 29. Kg3 a5 30. Rf1 Rd2 31. Rd1 Rd4 32. Kf3 Kg5 33. Rxd4 exd4 34. Nf1 Bg4+ 35. Kg3 Bd1 36. c3 dxc3 37. bxc3 b5 38. Ne3 Be2 39. Nf5 c5 40. Nxg7 Kf6 41. Ne8+ Ke5 42. Kf2 Bh5 43. Nc7 Kxe4 44. Nxb5 Kd3 45. Nd6 c4 46. Nb7 a4 47. Nc5+ Kxc3 48. Nxa4+ Kd4 49. Ke1 Be8 50. Nb2 c3 51. Nd1 c2 52. Kd2 cxd1Q+ 53. Kxd1 1/2-1/2

[Event "Niederrhein-ch"]
[Site "Solingen"]
[Date "2016.03.25"]
[Round "7"]
[White "Kesseler, Heiko"]
[Black "Probst, Andreas"]
[Result "1/2-1/2"]
[WhiteElo "1993"]
[BlackElo "2067"]
[PlyCount "43"]
[EventDate "2016.03.19"]
[EventType "swiss"]
[EventRounds "7"]
[EventCountry "GER"]
[SourceTitle "EXT 2018"]
[Source "ChessBase"]
[SourceDate "2017.10.13"]
[SourceVersion "1"]
[SourceVersionDate "2017.10.13"]
[SourceQuality "1"]

1. e4 c5 2. Nc3 e6 3. f4 Nc6 4. Nf3 a6 5. Be2 d5 6. exd5 exd5 7. d4 Nf6 8. Be3 cxd4 9. Bxd4 Nxd4 10. Qxd4 Bd6 11. 0-0-0 0-0 12. Ne5 Be6 13. Bf3 Rc8 14. Nxd5 Bc5 15. Qd2 Nxd5 16. Bxd5 Qc7 17. Qe2 Bxd5 18. Rxd5 Be3+ 19. Kb1 Bxf4 20. g3 Bxe5 21. Rxe5 Qc6 22. Re1 1/2-1/2

[Event "Niederrhein-ch"]
[Site "Solingen"]
[Date "2016.03.23"]
[Round "5"]
[White "Link, Robert1"]
[Black "Probst, Andreas"]
[Result "0-1"]
[WhiteElo "1878"]
[BlackElo "2067"]
[PlyCount "112"]
[EventDate "2016.03.19"]
[EventType "swiss"]
[EventRounds "7"]
[EventCountry "GER"]
[SourceTitle "EXT 2018"]
[Source "ChessBase"]
[SourceDate "2017.10.13"]
[SourceVersion "1"]
[SourceVersionDate "2017.10.13"]
[SourceQuality "1"]

1. e4 c5 2. d4 cxd4 3. c3 d3 4. Bxd3 d6 5. c4 Nf6 6. Nc3 e6 7. Nf3 Nbd7 8. 0-0 a6 9. Bf4 Be7 10. Rc1 e5 11. Be3 0-0 12. Qd2 b6 13. a3 Nc5 14. Qc2 Bb7 15. b4 Ne6 16. h3 Rc8 17. Qe2 g6 18. Nd5 Nd7 19. Nd2 Bg5 20. Qg4 Bxe3 21. fxe3 h5 22. Qe2 Kg7 23. Nb3 a5 24. Nd2 axb4 25. axb4 Ra8 26. Ra1 Rxa1 27. Rxa1 Nc7 28. Nb1 Na6 29. Ra4 Ndb8 30. Nbc3 Bc8 31. c5 dxc5 32. Bxa6 Nxa6 33. Rxa6 Bxa6 34. Qxa6 cxb4 35. Na4 Qa8 36. Qb5 Qa5 37. Qxb4 Qxb4 38. Nxb4 b5 39. Nc3 Rc8 40. Ncd5 Rc4 41. Kf2 Rxe4 42. Nd3 Rc4 43. Nxe5 Rc5 44. e4 b4 45. Nf3 b3 46. Nd2 Rc2 47. Ke3 b2 48. Nb1 Rxg2 49. Kf3 Rh2 50. Kg3 Rh1 51. Ndc3 Kf6 52. Nd2 Rc1 53. Ncb1 Ke5 54. Kh4 f6 55. Kg3 Kd4 56. Kf2 Kd3 0-1

[Event "Niederrhein-ch"]
[Site "Solingen"]
[Date "2016.03.22"]
[Round "4"]
[White "Probst, Andreas"]
[Black "Schaum, Moritz"]
[Result "1/2-1/2"]
[WhiteElo "2067"]
[BlackElo "2071"]
[PlyCount "50"]
[EventDate "2016.03.19"]
[EventType "swiss"]
[EventRounds "7"]
[EventCountry "GER"]
[SourceTitle "EXT 2018"]
[Source "ChessBase"]
[SourceDate "2017.10.13"]
[SourceVersion "1"]
[SourceVersionDate "2017.10.13"]
[SourceQuality "1"]

1. e4 c5 2. Nf3 Nc6 3. d3 g6 4. g3 Bg7 5. Bg2 e5 6. 0-0 Nge7 7. c3 d6 8. a3 0-0 9. b4 b6 10. Bb2 h6 11. b5 Na5 12. c4 Be6 13. Nfd2 Qd7 14. Nc3 Rad8 15. a4 f5 16. Nd5 f4 17. Bc3 g5 18. Bxa5 bxa5 19. Rb1 Ng6 20. f3 g4 21. fxg4 Bxg4 22. Bf3 Bh3 23. Bg2 Bg4 24. Bf3 Bh3 25. Bg2 Bg4 1/2-1/2

[Event "Niederrhein-ch"]
[Site "Solingen"]
[Date "2016.03.21"]
[Round "3"]
[White "Ruprecht, Thomas"]
[Black "Probst, Andreas"]
[Result "0-1"]
[WhiteElo "1971"]
[BlackElo "2067"]
[PlyCount "118"]
[EventDate "2016.03.19"]
[EventType "swiss"]
[EventRounds "7"]
[EventCountry "GER"]
[SourceTitle "EXT 2018"]
[Source "ChessBase"]
[SourceDate "2017.10.13"]
[SourceVersion "1"]
[SourceVersionDate "2017.10.13"]
[SourceQuality "1"]

1. c4 Nf6 2. Nc3 g6 3. g3 Bg7 4. Bg2 0-0 5. e3 d6 6. Nge2 e5 7. 0-0 Nbd7 8. b3 Nh5 9. d4 f5 10. dxe5 Nxe5 11. Bb2 Nf6 12. Qd2 Kh8 13. Rfd1 Qe7 14. Nf4 Rb8 15. Nfd5 Qf7 16. Nxf6 Bxf6 17. Nd5 Bg7 18. f4 Ng4 19. Bxg7+ Qxg7 20. Qd4 Qxd4 21. exd4 c6 22. Nc3 Ne3 23. Rd3 Nxg2 24. Kxg2 Re8 25. Kf2 Bd7 26. Re1 Rxe1 27. Kxe1 Kg7 28. Re3 Kf7 29. Kd2 a6 30. c5 dxc5 31. dxc5 Be6 32. Rd3 Re8 33. Na4 h6 34. Nb6 Kf6 35. Nd7+ Ke7 36. Ne5 g5 37. Kc3 Bd5 38. Rd4 Kf6 39. Kb4 Re7 40. Ka5 gxf4 41. gxf4 h5 42. Rd3 h4 43. Rh3 Rh7 44. Kb6 Bg2 45. Rd3 Bd5 46. Nc4 Kg6 47. Nd6 Be4 48. Rc3 Kh5 49. Nxb7 Kg4 50. Nd6 Kxf4 51. Kxa6 Rg7 52. a4 Rg2 53. Kb7 Rxh2 54. a5 Ra2 55. a6 Kg4 56. Nc4 h3 57. Ne3+ Kf4 58. Nf1 h2 59. Ng3 Bf3 0-1

[Event "NRW Class2 1516"]
[Site "Germany"]
[Date "2015.11.22"]
[Round "3.8"]
[White "Buddensiek, Uwe"]
[Black "Probst, Andreas"]
[Result "0-1"]
[WhiteElo "2048"]
[BlackElo "2074"]
[PlyCount "62"]
[EventDate "2015.09.27"]
[EventType "team-tourn"]
[EventRounds "9"]
[EventCountry "GER"]
[SourceTitle "EXT 2017"]
[Source "ChessBase"]
[SourceDate "2016.10.25"]
[SourceVersion "1"]
[SourceVersionDate "2016.10.25"]
[SourceQuality "1"]
[WhiteTeam "Herford Koenigsspringer"]
[BlackTeam "Ratingen"]
[WhiteTeamCountry "GER"]
[BlackTeamCountry "GER"]

1. d4 Nf6 2. c4 g6 3. Nc3 Bg7 4. e4 d6 5. f3 0-0 6. Bg5 h6 7. Be3 e5 8. d5 c6 9. Qd2 cxd5 10. cxd5 h5 11. Nge2 a6 12. Nc1 Nbd7 13. a4 Nh7 14. Be2 f5 15. exf5 gxf5 16. f4 Kh8 17. 0-0 Ndf6 18. Kh1 Ng4 19. Bg1 exf4 20. Qxf4 Be5 21. Bd4 Qf6 22. Bxe5 dxe5 23. Qd2 f4 24. Bxg4 hxg4 25. N1e2 Ng5 26. Rad1 Bd7 27. Qd3 Bf5 28. Qc4 Qh6 29. Qc7 Rae8 30. Kg1 Rf7 31. Qc5 Rh7 0-1

[Event "Niederrhein-ch"]
[Site "Solingen"]
[Date "2014.04.18"]
[Round "7"]
[White "Probst, Andreas"]
[Black "Thomas, Ingo"]
[Result "1/2-1/2"]
[WhiteElo "2041"]
[BlackElo "2175"]
[PlyCount "33"]
[EventDate "2014.04.12"]
[EventType "swiss"]
[EventRounds "7"]
[EventCountry "GER"]
[SourceTitle "EXT 2016"]
[Source "ChessBase"]
[SourceDate "2015.10.08"]
[SourceVersion "1"]
[SourceVersionDate "2015.10.08"]
[SourceQuality "1"]

1. d4 d5 2. c4 c6 3. Nf3 Nf6 4. e3 Bf5 5. Nc3 e6 6. Nh4 Be4 7. f3 Bg6 8. Qb3 Qb6 9. Nxg6 hxg6 10. e4 Nbd7 11. Qxb6 axb6 12. cxd5 exd5 13. exd5 Nxd5 14. Nxd5 cxd5 15. Bb5 Bd6 16. Kf2 Rc8 17. Bd3 1/2-1/2

[Event "BL2-West 1314"]
[Site "Germany"]
[Date "2013.11.10"]
[Round "2.7"]
[White "Rotstein, Arkadij"]
[Black "Probst, Andreas"]
[Result "1-0"]
[WhiteElo "2496"]
[BlackElo "2028"]
[PlyCount "103"]
[EventDate "2013.10.13"]
[EventType "team-tourn"]
[EventRounds "9"]
[EventCountry "GER"]
[SourceTitle "EXT 2015"]
[Source "ChessBase"]
[SourceDate "2014.11.20"]
[SourceVersion "1"]
[SourceVersionDate "2014.11.20"]
[SourceQuality "1"]
[WhiteTeam "Koeln Porz"]
[BlackTeam "Duesseldorf"]
[WhiteTeamCountry "GER"]
[BlackTeamCountry "GER"]

1. e4 g6 2. f4 Bg7 3. Nf3 c6 4. d4 d5 5. e5 h5 6. c4 Bg4 7. Nc3 e6 8. cxd5 exd5 9. h3 Bxf3 10. Qxf3 Nh6 11. Bd3 Qd7 12. Be3 Nf5 13. Bf2 h4 14. Qg4 Na6 15. 0-0-0 Nb4 16. Bb1 Kf8 17. Rhe1 Re8 18. Ne2 Qe6 19. a3 Na6 20. Ng1 b5 21. Nf3 b4 22. Ng5 Qc8 23. Qf3 bxa3 24. Qxa3+ Kg8 25. Bd3 Nc7 26. Qxa7 Bh6 27. Kb1 Bxg5 28. fxg5 Ne6 29. Rc1 Re7 30. Qa4 Rc7 31. Rc3 Kg7 32. Bxf5 gxf5 33. Rec1 Qd7 34. Qc2 Nxg5 35. Rxc6 Rb7 36. e6 Nxe6 37. Qe2 Rhb8 38. R6c2 f6 39. g4 Ng5 40. Be3 f4 41. Bxf4 Re8 42. Qa6 Ne6 43. g5 Ra7 44. gxf6+ Kf7 45. Qd3 Nxf4 46. Qh7+ Kf8 47. Qh6+ Kf7 48. Qg7+ Ke6 49. Rc6+ Kf5 50. Qg4+ Ke4 51. Re1+ Kxd4 52. Qxf4+ 1-0

[Event "NRW-ch"]
[Site "Wesel"]
[Date "2013.10.20"]
[Round "2"]
[White "Messarius, Juergen"]
[Black "Probst, Andreas"]
[Result "0-1"]
[WhiteElo "2196"]
[BlackElo "2028"]
[PlyCount "142"]
[EventDate "2013.10.19"]
[EventType "swiss"]
[EventRounds "7"]
[EventCountry "GER"]
[SourceTitle "EXT 2016"]
[Source "ChessBase"]
[SourceDate "2015.10.08"]
[SourceVersion "1"]
[SourceVersionDate "2015.10.08"]
[SourceQuality "1"]

1. e4 c5 2. Nf3 e6 3. d4 cxd4 4. Nxd4 a6 5. Bd3 Nf6 6. 0-0 d6 7. Kh1 Be7 8. Be3 b6 9. c4 Bb7 10. Nc3 Nbd7 11. f3 Qc7 12. Rc1 0-0 13. b3 Rac8 14. Bb1 Rfe8 15. Qe1 Qb8 16. g4 g6 17. Qf2 Bd8 18. Nde2 Bc7 19. Rcd1 Ba8 20. Bd4 b5 21. cxb5 axb5 22. Qh4 e5 23. Be3 b4 24. Nd5 Nxd5 25. exd5 Bd8 26. Qh6 Be7 27. Ng3 Bf8 28. Qh4 Rc7 29. Ne4 Qd8 30. Bg5 Be7 31. Bxe7 Qxe7 32. g5 Rec8 33. Rg1 Qf8 34. f4 exf4 35. Qxf4 Ne5 36. Rgf1 Rd8 37. Nf6+ Kh8 38. Qh4 Qg7 39. Qxb4 h5 40. Rc1 Rxc1 41. Rxc1 Ng4 42. Qb6 Qf8 43. Qd4 Nxf6 44. Qxf6+ Kg8 45. Rd1 Qe8 46. b4 Rc8 47. Qd4 Qe2 48. a3 Re8 49. Qd3 Qg4 50. Rg1 Qf4 51. Ba2 Qf2 52. Bc4 Re3 53. Rf1 Re1 54. Rxe1 Qxe1+ 55. Kg2 Qh4 56. h3 Qxg5+ 57. Kf2 Bb7 58. b5 Qf4+ 59. Ke2 Bc8 60. b6 Qh2+ 61. Kd1 Qg1+ 62. Kd2 Qxb6 63. Kc3 Qa5+ 64. Kb3 Bd7 65. Qe3 Qa4+ 66. Kb2 Qxc4 67. Qa7 Qb5+ 68. Kc3 Bxh3 69. Qa8+ Kg7 70. a4 Qc5+ 71. Kb3 Bg2 0-1

[Event "Niederrhein-ch"]
[Site "Krefeld"]
[Date "2013.03.24"]
[Round "2"]
[White "Probst, Andreas"]
[Black "Cebulla, Konstantin"]
[Result "1-0"]
[WhiteElo "2042"]
[BlackElo "2137"]
[PlyCount "109"]
[EventDate "2013.03.23"]
[EventType "swiss"]
[EventRounds "7"]
[EventCountry "GER"]
[SourceTitle "EXT 2015"]
[Source "ChessBase"]
[SourceDate "2014.11.20"]
[SourceVersion "1"]
[SourceVersionDate "2014.11.20"]
[SourceQuality "1"]

1. e4 e6 2. d3 d5 3. Nd2 Nf6 4. Ngf3 b6 5. g3 dxe4 6. dxe4 Bc5 7. Bb5+ c6 8. Bd3 e5 9. Nb3 Bd6 10. Qe2 Bg4 11. h3 Be6 12. Kf1 0-0 13. Kg2 Qe7 14. Be3 Rd8 15. Nbd2 Nbd7 16. Ng5 b5 17. Nxe6 Qxe6 18. Nf3 Bc5 19. Bd2 Qe7 20. Nh4 g6 21. Bg5 Kg7 22. Raf1 Nf8 23. f4 N8d7 24. f5 h6 25. fxg6 fxg6 26. Bc1 Rh8 27. Rf3 Raf8 28. Rhf1 Bb6 29. Qd2 Nc5 30. Qc3 Qd6 31. Qe1 Nfd7 32. b4 Ne6 33. Rxf8 Rxf8 34. Qd2 Ng5 35. Rxf8 Nxf8 36. Nf3 Nf7 37. Bb2 Ne6 38. a3 Nd4 39. Nh2 Qf6 40. c3 Ne6 41. Ng4 Qd8 42. Bc1 h5 43. Nh2 h4 44. Bc2 Qxd2+ 45. Bxd2 hxg3 46. Kxg3 Nd6 47. Ng4 Nc4 48. Bh6+ Kh7 49. Bb3 g5 50. Bxc4 bxc4 51. h4 Bd4 52. Bxg5 Nxg5 53. hxg5 Kg6 54. cxd4 c3 55. Nxe5+ 1-0

[Event "NRW-ch"]
[Site "Herne"]
[Date "2012.10.07"]
[Round "3"]
[White "Wickenfeld, Stefan"]
[Black "Probst, Andreas"]
[Result "1-0"]
[WhiteElo "2020"]
[BlackElo "2042"]
[PlyCount "153"]
[EventDate "2012.10.06"]
[EventType "swiss"]
[EventRounds "7"]
[EventCountry "GER"]
[SourceTitle "EXT 2016"]
[Source "ChessBase"]
[SourceDate "2015.10.08"]
[SourceVersion "1"]
[SourceVersionDate "2015.10.08"]
[SourceQuality "1"]

1. d4 g6 2. Nf3 Bg7 3. c4 d6 4. e4 Nf6 5. Nc3 0-0 6. Be2 e5 7. dxe5 dxe5 8. Qxd8 Rxd8 9. Nd5 Nxd5 10. cxd5 Bg4 11. Bg5 f6 12. Be3 c6 13. Bc4 Kf8 14. h3 Bd7 15. Rd1 Ke8 16. 0-0 cxd5 17. Bxd5 Nc6 18. Rd2 b6 19. Rfd1 Rac8 20. Bg8 h6 21. Nh4 Ne7 22. Bh7 g5 23. Nf5 Nxf5 24. Bg6+ Ke7 25. Rxd7+ Rxd7 26. Rxd7+ Kxd7 27. Bxf5+ Kc7 28. Bxc8 Kxc8 29. g4 Bf8 30. Kf1 Kb7 31. Ke2 Kc6 32. Bd2 Kb5 33. Kd3 Bc5 34. f3 Bd4 35. Bc1 Kb4 36. Bd2+ Kc5 37. b3 Kb5 38. Be1 Bb2 39. a4+ Kc5 40. b4+ Kd6 41. Kc4 Bd4 42. Kb5 Kc7 43. Ka6 Kb8 44. h4 Be3 45. h5 Bd4 46. Kb5 Kc7 47. Bd2 Bf2 48. Bc1 Bg1 49. Ba3 Bd4 50. Kc4 a6 51. b5 axb5+ 52. Kxb5 Kd7 53. Bf8 Ke8 54. Bb4 Kd7 55. Ka6 Be3 56. Kb7 Bd4 57. Bf8 Ke8 58. Bd6 Kd7 59. Bc7 Bc3 60. Bxb6 Kd6 61. Ka6 Kc6 62. Ba5 Bxa5 63. Kxa5 Kc5 64. Ka6 Kd4 65. a5 Ke3 66. Kb5 Kxf3 67. a6 Kxe4 68. a7 Kf4 69. a8Q Kxg4 70. Kc4 f5 71. Qg2+ Kxh5 72. Qh3+ Kg6 73. Kd5 e4 74. Ke5 g4 75. Qh4 e3 76. Qf6+ Kh5 77. Kxf5 1-0

[Event "NRW-ch"]
[Site "Herne"]
[Date "2012.10.06"]
[Round "1"]
[White "Messarius, Juergen"]
[Black "Probst, Andreas"]
[Result "1-0"]
[WhiteElo "2234"]
[BlackElo "2042"]
[PlyCount "63"]
[EventDate "2012.10.06"]
[EventType "swiss"]
[EventRounds "7"]
[EventCountry "GER"]
[SourceTitle "EXT 2016"]
[Source "ChessBase"]
[SourceDate "2015.10.08"]
[SourceVersion "1"]
[SourceVersionDate "2015.10.08"]
[SourceQuality "1"]

1. e4 g6 2. d4 Bg7 3. Nc3 d6 4. Be3 a6 5. Qd2 b5 6. Bd3 Bb7 7. a4 b4 8. Nd1 a5 9. Ne2 Nd7 10. 0-0 Ngf6 11. f3 e5 12. Nf2 h5 13. c3 c5 14. dxe5 dxe5 15. Bb5 0-0 16. Rfd1 Qc7 17. Qd6 Qxd6 18. Rxd6 Rfd8 19. Rad1 Bf8 20. R6d2 Ba6 21. Bxa6 Rxa6 22. Bg5 Rb8 23. Rxd7 Nxd7 24. Rxd7 bxc3 25. Nxc3 Rxb2 26. Nd3 Rc2 27. Nd5 Ra8 28. Nf6+ Kh8 29. Nxe5 Be7 30. Rxe7 Rb8 31. Nxf7+ Kg7 32. Ne5+ 1-0